|
|
|
|
| LEADER |
00000nam0a2200000 4500 |
| 001 |
72222 |
| 005 |
20231031083254.0 |
| 010 |
|
|
|a 5851770066
|
| 020 |
|
|
|a RU
|b 94-24609
|
| 035 |
|
|
|a (RuTPU)RU\TPU\book\77005
|
| 090 |
|
|
|a 72222
|
| 100 |
|
|
|a 20050114d1994 m a0rusy5003 ca
|
| 101 |
1 |
|
|a rus
|c eng
|
| 102 |
|
|
|a RU
|
| 105 |
|
|
|a y z 000zy
|
| 200 |
1 |
|
|a Как овладеть искусством делового письма
|e 250 писем и записок в помощь менеджеру
|e пер. с англ.
|f Р. Теппер
|
| 210 |
|
|
|a Москва
|c ЮНИТИ
|c Аудит
|d 1994
|
| 215 |
|
|
|a 190 с.
|d 20 см
|
| 610 |
1 |
|
|a официально-деловой стиль
|
| 610 |
1 |
|
|a переписка
|
| 610 |
1 |
|
|a менеджеры
|
| 686 |
|
|
|a У821
|2 rubbk
|
| 700 |
|
1 |
|a Теппер
|b Р.
|g Рон
|4 070
|
| 801 |
|
0 |
|a RU
|b RuMRKP
|c 19950413
|g psbo
|
| 801 |
|
1 |
|a RU
|b 63413507
|c 20050114
|g PSBO
|
| 801 |
|
2 |
|a RU
|b 63413507
|c 20190409
|g PSBO
|
| 942 |
|
|
|c BK
|